=LDR 00000nam 2200000 4500 =001 INLIS000000000008546 =005 20130612100411 =008 ***********************************Ind** =035 ##$$0010-061300000008546 =041 ##$$a Ind =082 ##$$a 001.42 =090 ##$$a 001.42, Mar m =100 ##$$a Mardaliz =245 ##$$a Metode Penelitian, Drs.Mardaliz =260 ##$$a 1995 $b Jakarta =300 ##$$a 108 hlm, 18 cm =650 ##$$a Penelitian